Spon's landscape handbook (Record no. 106882)

MARC details
000 -LEADER
fixed length control field 00990cam a22002415a 4500
001 - CONTROL NUMBER
control field L137712
008 - FIXED-LENGTH DATA ELEMENTS--GENERAL INFORMATION
fixed length control field 070424q1996 xxkado f 000 0 eng d
020 ## - INTERNATIONAL STANDARD BOOK NUMBER
International Standard Book Number 0419204903
035 ## - SYSTEM CONTROL NUMBER
System control number (Sirsi) u137712
041 0# - LANGUAGE CODE
Language code of text/sound track or separate title eng
050 04 - LIBRARY OF CONGRESS CALL NUMBER
Classification number 712.3 $2 18
100 1# - MAIN ENTRY--PERSONAL NAME
Personal name Lovejoy, Derek
245 00 - TITLE STATEMENT
Title Spon's landscape handbook
250 ## - EDITION STATEMENT
Edition statement 4th ed.
260 ## - PUBLICATION, DISTRIBUTION, ETC.
Place of publication, distribution, etc. London
Name of publisher, distributor, etc. E & FN Spon
Date of publication, distribution, etc. 2006
300 ## - PHYSICAL DESCRIPTION
Extent xx, 476p.
Other physical details ill.
Dimensions 26cm.
350 ## - PRICE (NR) (BK AM CF MU VM SE) [OBSOLETE]
Price 55
520 ## - SUMMARY, ETC.
Summary, etc. This new edition of the handbook has been significantly revised from the third edition. Provides a guide to planning and landscape law; review of computer-aided design techniques and others. The format has been changed to SMM7 to make it easier to read in conjunction with Spon's Landscape and External Works Price Book and this is divided into: general guidance; British Standards; data and outline specification.
521 ## - TARGET AUDIENCE NOTE
Target audience note Advanced
651 #4 - SUBJECT ADDED ENTRY--GEOGRAPHIC NAME
Geographic name United Kingdom
Chronological subdivision
690 ## - LOCAL SUBJECT ADDED ENTRY--TOPICAL TERM (OCLC, RLIN)
Topical term or geographic name as entry element BUILT ENVIRONMENT-BUILDING COSTS
942 ## - ADDED ENTRY ELEMENTS (KOHA)
Suppress in OPAC 0
Holdings
Withdrawn status Lost status Source of classification or shelving scheme Damaged status Not for loan Home library Current library Shelving location Date acquired Total Checkouts Full call number Barcode Date last seen Copy number Price effective from Koha item type
    Dewey Decimal Classification     London London Books 22/07/2008   712.3 LOV 30073819 06/08/2019 1 06/08/2019 Reference material